Československá socialistická republika politická mapa /

Korporativní autor: Slovenská kartografia
Další autoři: Oravcová, Mária, Strečanská, Elena
Jazyk: Slovenština
Vydáno: Bratislava : Slovenská kartografia, n.p., 1979
Vydání: 10. slovenské nezmenené vyd.
Témata:
Externí odkaz: Digitalizovaný dokument
Fyzický popis: 1 mapa : barev. ; 29 x 54 cm, na listu 36 x 60 cm
Mapy
Uloženo v:
LEADER 02007nem a2200445 a 4500
001 001287565
003 CZ BrMZK
005 20141107132702.0
007 aj|canzn
008 111208s1979 xo a 0| slo d
034 1 |a a  |b 1500000  |d E0115135  |e E0224311  |f N0511721  |g N0472721 
040 |a BOA001  |b cze 
043 |a e-cs---  |2 czenas 
072 7 |a 913(437)  |x Geografie Česka a Slovenska, reálie, cestování  |2 Konspekt  |9 7 
072 7 |a 912  |x Mapy. Atlasy. Glóby  |2 Konspekt  |9 7 
080 |a 656.2.025.2  |2 MRF 
080 |a 656.132  |2 MRF 
080 |a 913(437)  |2 MRF 
080 |a (084.3)32  |2 MRF 
080 |a (084.3)371.673  |2 MRF 
080 |a (084.3)656  |2 MRF 
245 0 0 |a Československá socialistická republika  |h [kartografický dokument] :  |b politická mapa /  |c zodpovedná redaktorka 10. vyd. Mária Oravcová ; technická redaktorka Elena Strečanská 
250 |a 10. slovenské nezmenené vyd. 
255 |a Měřítko 1:1 500 000 ;  |b rovnoplošné kužeľové zobrazenie  |c (011°51´35" v.d.--022°43´11" v.d./051°17´21" s.š.--047°27´21" s.š.) 
260 |a Bratislava :  |b Slovenská kartografia, n.p.,  |c 1979 
300 |a 1 mapa :  |b barev. ;  |c 29 x 54 cm, na listu 36 x 60 cm 
505 2 0 |t Železničná osobná doprava.  |g Měřítko 1:2 000 000. 11 x 20 cm --  |t Autobusová doprava.  |g Měřítko 1:2 000 000. 11 x 20 cm -- 
650 0 7 |a osobní železniční doprava  |7 ph123850  |2 czenas 
650 0 7 |a autobusová doprava  |7 ph118686  |2 czenas 
655 7 |a politické a správní mapy  |7 fd133032  |2 czenas 
655 7 |a dopravní mapy  |7 fd132068  |2 czenas 
655 7 |a školní mapy  |7 fd133894  |2 czenas 
651 7 |a Československo  |7 ge131689  |2 czenas 
700 1 |a Oravcová, Mária  |7 mzk2009544207  |4 pbd 
700 1 |a Strečanská, Elena  |4 red 
710 2 |a Slovenská kartografia  |7 ko2003206561  |4 pbl 
856 4 1 |u http://www.digitalniknihovna.cz/mzk/uuid/uuid:cf7921d0-86f8-4181-b272-51bf25293c2d  |y Digitalizovaný dokument 
910 |a BOA001  |b Mpa-0528.174-79 
990 |a MP 
991 |b 201304